000 00300nam a2200133Ia 4500
008 190216s9999||||xx |||||||||||||| ||und||
100 _aNinan. Vi
245 0 _aSubsidiary Statistics
250 _a1st Ed.
260 _bMar Gregorious
_c1979
300 _a149
650 _aMathematics
942 _cBK
999 _c30489
_d30489